Thermal energy recovery

Saved in:
Bibliografiske detaljer
Hovedforfatter: Boyen, John L (Author)
Format: Bog
Sprog:engelsk
Udgivet: Nueva York John Wiley 1980
Udgivelse:2a. ed
Fag:
Tags: Tilføj Tag
Ingen Tags, Vær først til at tagge denne postø!

MARC

LEADER 00000nam a2200000 a 4500
001 UCU6526
003 CL-VaPUC
008 960621e19800000US |||||||||||||||||eng|d
082 0 4 |a 621.402  |b BOY  |2 21 
100 0 |a Boyen, John L  |e author  |9 364761 
245 1 0 |a Thermal energy recovery 
250 |a 2a. ed 
300 |a 346 p 
942 |c BK 
945 |d 19960621 00:00:00  |a cmena 
260 |a Nueva York  |b John Wiley  |c 1980 
650 0 |a Energía térmica  |9 357587 
650 0 |a Energía   |9 259431 
650 0 |a Transmisión de calor  |9 259410 
650 7 |a TURBOMAQUINARIA  |2 CL-VaPUC  |9 336932 
583 |a last modification  |c 19960621 00:00:00  |k Rodrigo Vera 
999 |c 249409  |d 249407 
952 |0 0  |1 0  |4 0  |6 621_402000000000000_BOY_1980  |7 0  |8 A  |9 266652  |a BIBING  |b BIBING  |d 2019-11-19  |i 168745K  |o 621.402 BOY 1980  |p 168745K  |r 2025-01-20  |w 2019-11-19  |y BK  |k EIQ